Mean Fiddler Holdings v Islington LBC (Record no. 72802)

MARC details
000 -LEADER
fixed length control field 01183cam a2200241 4500
001 - CONTROL NUMBER
control field X122498
008 - FIXED-LENGTH DATA ELEMENTS--GENERAL INFORMATION
fixed length control field 030602n2003 000 0 eng u
035 ## - SYSTEM CONTROL NUMBER
System control number (Sirsi) u122498
245 ## - TITLE STATEMENT
Title Mean Fiddler Holdings v Islington LBC
260 ## - PUBLICATION, DISTRIBUTION, ETC.
Date of publication, distribution, etc. 2003
490 ## - SERIES STATEMENT
Series statement Estates Gazette Law Reports
Volume/sequential designation [2003] 19 EG 120-124(5)
490 ## - SERIES STATEMENT
Series statement Property, Planning and Compensation Reports
Volume/sequential designation [2003] P&CR 102-112(11)
520 ## - SUMMARY, ETC.
Summary, etc. [2003] EWCA Civ 160 24 January 2003. Claimant's (M) appeal from the order of the Lands Tribunal (LT) on 31 May 2002 on a preliminary issue arising out of a notice of reference to determine the amount of compensation to be paid to the claimant under the Land Compensation Act 1973. LT held that use of premises by M did not involve a sharing of occupation and so there had been no breach of covenant. The council appealed. "Held", the appeal was dismissed.
590 ## - LOCAL NOTE (RLIN)
Local note ABS
650 ## - SUBJECT ADDED ENTRY--TOPICAL TERM
Topical term or geographic name entry element MEAN FIDDLER HOLDINGS LTD V ISLINGTON LBC
650 ## - SUBJECT ADDED ENTRY--TOPICAL TERM
Topical term or geographic name entry element NIGHTCLUBS
650 ## - SUBJECT ADDED ENTRY--TOPICAL TERM
Topical term or geographic name entry element ALIENATION CLAUSES
650 ## - SUBJECT ADDED ENTRY--TOPICAL TERM
Topical term or geographic name entry element LEASES
650 ## - SUBJECT ADDED ENTRY--TOPICAL TERM
Topical term or geographic name entry element COMPULSORY PURCHASE ORDERS
650 ## - SUBJECT ADDED ENTRY--TOPICAL TERM
Topical term or geographic name entry element BREACHES OF LEASE
690 ## - LOCAL SUBJECT ADDED ENTRY--TOPICAL TERM (OCLC, RLIN)
Topical term or geographic name as entry element LANDLORD AND TENANT-BUSINESS TENANCIES-CASE LAW
942 ## - ADDED ENTRY ELEMENTS (KOHA)
Suppress in OPAC 0
Holdings
Withdrawn status Lost status Source of classification or shelving scheme Damaged status Not for loan Home library Current library Shelving location Date acquired Total Checkouts Full call number Barcode Date last seen Copy number Price effective from Koha item type
    Dewey Decimal Classification     London London Journal article 02/06/2003   X122498 122498-1001 06/08/2019 1 06/08/2019 Law report